|
|
|
|
| LEADER |
00000nam0a2200000 4500 |
| 001 |
135235 |
| 005 |
20231101220534.0 |
| 010 |
|
|
|a 5283029611
|
| 035 |
|
|
|a (RuTPU)RU\TPU\book\146568
|
| 090 |
|
|
|a 135235
|
| 100 |
|
|
|a 20080408d1989 m y0rusy50 ca
|
| 101 |
0 |
|
|a rus
|
| 102 |
|
|
|a RU
|
| 105 |
|
|
|a a z 001zy
|
| 200 |
1 |
|
|a Гамма-плотнометрия
|f В. А. Воробьев, В. А. Горшков, А. Е. Шеломанов
|
| 210 |
|
|
|a Москва
|c Энергоатомиздат
|d 1989
|
| 215 |
|
|
|a 144 с.
|c ил.
|
| 316 |
|
|
|5 63413507: 09-8766
|a На титульном листе дарственная надпись: "Библиотеке ТПУ от выпускника ФТФ ТПУ 1960 г. В. А. Воробьев. 22.09.09. В. А. Горшков и А. Е. Шеломанов мои бывшие ученики. Сейчас профессор А. Е. Шеломанов - профессор в Австрии"
|
| 317 |
|
|
|5 63413507: 09-8766
|a Дар автора
|
| 320 |
|
|
|a Список литературы: с. 136-138
|
| 606 |
1 |
|
|a Гамма-плотнометрия
|2 stltpush
|3 (RuTPU)RU\TPU\subj\5560
|9 33610
|
| 610 |
1 |
|
|a технические средства
|
| 610 |
1 |
|
|a проектирование
|
| 610 |
1 |
|
|a плотность
|
| 610 |
1 |
|
|a измерение
|
| 610 |
1 |
|
|a радиоизотопные системы
|
| 610 |
1 |
|
|a аппаратурное обеспечение
|
| 610 |
1 |
|
|a выпускники ТПУ
|
| 610 |
1 |
|
|a дарственные надписи
|
| 610 |
1 |
|
|a дары автора
|
| 610 |
1 |
|
|a дары библиотеке
|
| 610 |
1 |
|
|a Коллекция ТПУ
|
| 675 |
|
|
|a 620.179.152.5
|v 3
|
| 700 |
|
1 |
|a Воробьев
|b В. А.
|c физик
|c выпускник ФТФ Томского политехнического института 1960 г.
|c сын ректора ТПИ А. А. Воробьева
|f 1936-
|g Владимир Александрович
|2 stltpush
|3 (RuTPU)RU\TPU\pers\29256
|
| 701 |
|
1 |
|a Горшков
|b В. А.
|g Вячеслав Алексеевич
|
| 701 |
|
1 |
|a Шеломанов
|b А. Е.
|g Андрей Евгеньевич
|
| 801 |
|
1 |
|a RU
|b 63413507
|c 20080408
|g PSBO
|
| 801 |
|
2 |
|a RU
|b 63413507
|c 20210514
|g PSBO
|
| 942 |
|
|
|c BK
|